000 00573nam a22001577a 4500
005 2012041705505.0
020 _a8176635642
_c180.00
035 _aB-47015
037 _aDPL
_bENG
100 _aChandna, R.C.
_945201
245 _aGeography of population :
_bConcepts, determinants and patterns /
_cby R.C. Chandna
260 _aLudhiana
_bKalyani Publishers
_c2001
300 _axi, 414p.
_c24 cms.
942 _2ddc
_cEN
_h304.6
_mCHA
999 _c65089
_d65089